| 000 | 00762nam a2200253Ia 4500 | ||
|---|---|---|---|
| 999 |
_c195642 _d195642 |
||
| 003 | dpl | ||
| 005 | 20230412110619.0 | ||
| 008 | 230412b ||||| |||| 00| 0 eng d | ||
| 020 |
_a8174932224 _cRs. 98.00 |
||
| 035 | _a39877 | ||
| 040 |
_adpl _beng _cdpl |
||
| 082 |
_a344.5401 _b SAR |
||
| 100 | _aSarma A.M. | ||
| 245 |
_aIndustrial Jurisprudence and Labour Legislation _cby A.M. Sharma |
||
| 250 | _a2nd rev. ed. | ||
| 260 |
_bMumbai _aHimalaya Publishing House _c1996 |
||
| 300 |
_a334p. _c22 cm (Pbk) |
||
| 500 | _aIncluding bibliographic references and index | ||
| 650 | _aIndustrial Jurisprudence; | ||
| 650 | _aLabour Legislation | ||
| 650 | _aJurisprudence | ||
| 942 |
_2ddc _cEN _h344.5401 _mSHA |
||